Community land trusts - re-engineering the feudal system (Record no. 71185)

MARC details
000 -LEADER
fixed length control field 00956cam a2200229 4500
001 - CONTROL NUMBER
control field ABS65965
008 - FIXED-LENGTH DATA ELEMENTS--GENERAL INFORMATION
fixed length control field 020920n2002 000 0 eng u
035 ## - SYSTEM CONTROL NUMBER
System control number (Sirsi) u119763
100 ## - MAIN ENTRY--PERSONAL NAME
Personal name Hill, S
245 ## - TITLE STATEMENT
Title Community land trusts - re-engineering the feudal system
260 ## - PUBLICATION, DISTRIBUTION, ETC.
Date of publication, distribution, etc. 2002
490 ## - SERIES STATEMENT
Series statement Axis
Volume/sequential designation July-August 2002, 10(1)
520 ## - SUMMARY, ETC.
Summary, etc. Examines Britain's unique system that allows the multiple enjoyment of diverse rights over the same piece of land, through leasehold and freehold tenures, rights in common land and common rights. Explains how Community land trusts retain the freehold for the benefit of the community and lease out the land and buildings to the occupier, and are rooted in the feudal system of land ownership.
590 ## - LOCAL NOTE (RLIN)
Local note ABS
650 ## - SUBJECT ADDED ENTRY--TOPICAL TERM
Topical term or geographic name entry element COMMUNITY LAND TRUSTS
650 ## - SUBJECT ADDED ENTRY--TOPICAL TERM
Topical term or geographic name entry element CLTS
650 ## - SUBJECT ADDED ENTRY--TOPICAL TERM
Topical term or geographic name entry element FEUDAL SYSTEM
650 ## - SUBJECT ADDED ENTRY--TOPICAL TERM
Topical term or geographic name entry element LEASEHOLD
650 ## - SUBJECT ADDED ENTRY--TOPICAL TERM
Topical term or geographic name entry element FREEHOLD
690 ## - LOCAL SUBJECT ADDED ENTRY--TOPICAL TERM (OCLC, RLIN)
Topical term or geographic name as entry element LANDLORD AND TENANT-LEASES
942 ## - ADDED ENTRY ELEMENTS (KOHA)
Suppress in OPAC 0
Holdings
Withdrawn status Lost status Source of classification or shelving scheme Damaged status Not for loan Home library Current library Shelving location Date acquired Total Checkouts Full call number Barcode Date last seen Copy number Price effective from Koha item type
    Dewey Decimal Classification     London London Journal article 20/09/2002   ABS65965 119763-1001 06/08/2019 1 06/08/2019 Journal article